000 00624nam a2200193Ia 4500
005 20250508164838.0
008 008 250505s9999 xx 000 0 hin d
037 _aDissertations
040 _aFEDL
_beng
_cFEDL
041 _ahin
_2eng
084 _a371.76, LAT/DI
_qFEDL
100 _aLata
245 0 _aSchooli shiksha me sanlagan ladkiyo ke youn-utpeedan aur shiksha ko protsahan dene hetu sarkari yojnaon ka addhyan: Samanta ke sandarbh me
260 _c2009
300 _a111p.
546 _aM.Ed. Dissertation (Delhi University)
942 _cDIS
_h371.76, LAT/DI
999 _c1391547
_d1391547